书目信息 |
| 题名: |
美学概述
|
|
| 作者: | 朱贵荣 主编 | |
| 分册: | ||
| 出版信息: | 成都 电子科技大学出版社 1992 |
|
| 页数: | 282页 | |
| 开本: | 20cm | |
| 丛书名: | ||
| 单 册: | ||
| 中图分类: | B848.4 , B83 | |
| 科图分类: | ||
| 主题词: | 美学 | |
| 电子资源: | ||
| ISBN: | 7-81016-398-1 | |
| 000 | 00742nam0 2200241 45 | |
| 001 | 0120066006403 | |
| 005 | 20070910100037.96 | |
| 010 | @a7-81016-398-1@dCNY23.00 | |
| 092 | @aCN@b496074 | |
| 100 | @a20060612e20051992em y0chiy0120 ea | |
| 101 | 0 | @achi |
| 102 | @aCN@b510000 | |
| 105 | @ay z 000yy | |
| 200 | 1 | @a美学概述@9mei xue gai shu@f朱贵荣主编 |
| 210 | @a成都@c电子科技大学出版社@d1992@h2005重印 | |
| 215 | @a282页@d20cm | |
| 330 | @a本书在美学的基础上对美进行了着重的讲解。其中主要内容包括:“美的本质”、“审美客体”、“审美主体”、“美的内容与形式”等等。 | |
| 606 | 0 | @a美学 |
| 690 | @aB848.4@v4 | |
| 690 | @aB83@v3 | |
| 701 | 0 | @a朱贵荣@9zhu gui rong@4主编 |
| 801 | 0 | @aCN@bLZJBOOK@c20070910 |
| 905 | @a10447@dB83@e226 | |
| 美学概述/朱贵荣主编.-成都:电子科技大学出版社,1992(2005重印) |
| 282页;20cm |
| ISBN 7-81016-398-1:CNY23.00 |
| 本书在美学的基础上对美进行了着重的讲解。其中主要内容包括:“美的本质”、“审美客体”、“审美主体”、“美的内容与形式”等等。 |
| ● |
| 相关链接 |
|
|
|
|
正题名:美学概述
索取号:B83/226
 
预约/预借
| 序号 | 登录号 | 条形码 | 馆藏地/架位号 | 状态 | 备注 |
| 1 | 0556860 | 205568606 | 第一样本阅览室/ [索取号:B83/226] | 在馆 | |
| 2 | 0556861 | 205568615 | 教育系资料室/ [索取号:B83/226] | 在馆 | |
| 3 | 0556862 | 205568624 | 第一借阅区/ [索取号:B83/226] | 在馆 | |
| 4 | 0556863 | 205568633 | 第一借阅区/ [索取号:B83/226] | 在馆 | |
| 5 | 0556864 | 205568642 | 第一借阅区/ [索取号:B83/226] | 在馆 | |
| 6 | 0556865 | 205568651 | 教育系资料室/ [索取号:B83/226] | 在馆 | |
| 7 | 0556866 | 205568660 | 第一借阅区/ [索取号:B83/226] | 在馆 | |
| 8 | 0556867 | 205568679 | 第一借阅区/ [索取号:B83/226] | 在馆 |